000 00659cam a2200217 a 4500
003 BD-DhSAU
005 20231018120910.0
008 861024s2021 ii a b 001 0 eng
020 _a9788170356219
040 _aBD-DhSAU
082 _222
_a577.63
_bAq35
245 1 0 _aAquatic Ecosystems and its management /
_cEdited by K. Vijaykumar and B. Vasanthkumar
260 _aNew Delhi :
_bDaya Publishing House
_cc2018
300 _axi, 471 p. :
_bill. ;
_c22 cm.
504 _aIncludes bibliographical references and index
590 _akobir
650 0 _aAquatic Ecosystems
700 _aVijay Kumar, K.
700 _aVasanthkumar, B
942 _2ddc
_cBOOK
999 _c17207
_d17206